Central Library OPAC University of Rajshahi

A Vedic reader for students : (Record no. 31987)

MARC details
000 -LEADER
fixed length control field 00967cam a22002532 4500
001 - CONTROL NUMBER
control field 31987
003 - CONTROL NUMBER IDENTIFIER
rucl marc code BD-RjUL
005 - DATE AND TIME OF LATEST TRANSACTION
control field 20211209051757.0
008 - FIXED-LENGTH DATA ELEMENTS--GENERAL INFORMATION
fixed length control field 140423r19561917enkp 001 0 san d
020 ## - INTERNATIONAL STANDARD BOOK NUMBER
International Standard Book Number 0195600371 (pbk)
035 ## - SYSTEM CONTROL NUMBER
System control number (BD-RjUL)32076
040 ## - CATALOGING SOURCE
Original cataloging agency UKM
Transcribing agency UKM
Modifying agency OCL
-- EQO
-- BD-RjUL
Language of cataloging eng
041 0# - LANGUAGE CODE
Language code of text/sound track or separate title saneng
082 0# - DEWEY DECIMAL CLASSIFICATION NUMBER
Classification number 294.59212
Edition number 19
Author mark and year MAV 1956
100 ## - MAIN ENTRY--PERSONAL NAME
Personal name Macdonell, Arthur Anthony,
9 (RLIN) 23896
245 12 - TITLE STATEMENT
Title A Vedic reader for students :
Remainder of title containing thirty hymns of the Rigveda in the original Samhitฤ and Pada texts /
Statement of responsibility, etc. with transliteration, translation, exploratory notes, introduction, vocabulary by Arthur Anthony MacDonell.
260 ## - PUBLICATION, DISTRIBUTION, ETC. (IMPRINT)
Place of publication, distribution, etc. Madras ;
-- Oxford :
Name of publisher, distributor, etc. Oxford University Press,
Date of publication, distribution, etc. 117 [impression 1956]
300 ## - PHYSICAL DESCRIPTION
Pagination xxxi, 263 p. ;
Size 19 cm.
500 ## - GENERAL NOTE
General note Originally published: Oxford : Clarendon Press, 1917.
504 ## - BIBLIOGRAPHY, ETC. NOTE
Bibliography, etc Includes index.
650 ## - SUBJECT ADDED ENTRY--TOPICAL TERM
Topical term or geographic name as entry element Vedic language -- Readers.
9 (RLIN) 97388
942 ## - ADDED ENTRY ELEMENTS (KOHA)
Source of classification or shelving scheme Dewey Decimal Classification
Koha item type Books
Holdings
Lost status Source of classification or shelving scheme Damaged status Not for loan Collection code Permanent Location Current Location Shelving location Date acquired Source of acquisition Cost, normal purchase price Total Checkouts Full call number Date last seen Copy number Koha item type
  Dewey Decimal Classification   Not For Loan Non-fiction Central Library, University of Rajshahi Central Library, University of Rajshahi Reading Room 27/01/1958 Neewroze Kelaling 4.00   294.59212 MAV 1956 23/04/2014 C-1 Books